Iron Producing Countries - Statistics

General Stats
  • This quiz has been taken 67 times
  • The average score is 9 of 10
Answer Stats
Production
(tonnes)
Country Continent % Correct
54,000 Canada North America
98%
659,000 China Asia
98%
880,000 Australia Oceania
97%
422,000 Brazil South America
97%
99,000 Russia Europe
97%
48,000 United States North America
95%
285,000 India Asia
94%
77,000 South Africa Africa
90%
62,000 Ukraine Europe
83%
43,000 Kazakhstan Asia
73%
No matching quizzes found
Score Distribution
Percent of People with Each Score
Percentile by Number Answered
Your Score History
You have not taken this quiz